<?xml version="1.0" encoding="UTF-8"?>
<collection xmlns="http://www.loc.gov/MARC21/slim">
<record>
  <controlfield tag="001">128002</controlfield>
  <controlfield tag="005">20231115112058.0</controlfield>
  <datafield tag="020" ind1=" " ind2=" ">
    <subfield code="a">978-84-18321-63-4</subfield>
  </datafield>
  <datafield tag="024" ind1="7" ind2=" ">
    <subfield code="2">doi</subfield>
    <subfield code="a">10.26754/uz.978-84-18321-63-4</subfield>
  </datafield>
  <datafield tag="037" ind1=" " ind2=" ">
    <subfield code="a">BOOK-2023-029</subfield>
  </datafield>
  <datafield tag="041" ind1=" " ind2=" ">
    <subfield code="a">spa</subfield>
  </datafield>
  <datafield tag="100" ind1=" " ind2=" ">
    <subfield code="a">Vicente Rodríguez, German</subfield>
    <subfield code="b"></subfield>
  </datafield>
  <datafield tag="245" ind1=" " ind2=" ">
    <subfield code="a">III Congreso Internacional en Ciencias de la Salud y del Deporte Actividad física segura y saludable en la montaña Trabajo multidisciplinar en salud, 28-29 de octubre de 2022, Huesca : libro de resúmenes</subfield>
  </datafield>
  <datafield tag="250" ind1=" " ind2=" ">
    <subfield code="a">1ª ed.</subfield>
  </datafield>
  <datafield tag="260" ind1=" " ind2=" ">
    <subfield code="a">Zaragoza</subfield>
    <subfield code="b">Servicio de Publicaciones. Universidad de Zaragoza</subfield>
    <subfield code="c">2022</subfield>
  </datafield>
  <datafield tag="300" ind1=" " ind2=" ">
    <subfield code="a">191</subfield>
  </datafield>
  <datafield tag="520" ind1=" " ind2=" ">
    <subfield code="a">El deporte y la actividad física en Aragón tienen gran arraigo y tradición tanto a nivel federativo como escolar y recreacional, y por ello todo el profesional, amateur o aficionado a su enseñanza, entrenamiento o práctica habrá podido encontrar en el congreso espacio de discusión, aprendizaje y avances en todos los ámbitos relacionados y cruciales para conseguir grandes objetivos; desde la gestión, la enseñanza, el rendimiento o la salud. El libro que tienen entre sus manos pretende ser una herramienta útil para recopilar y dejar a disposición de las personas profesionales o simplemente interesadas, toda la evidencia presentada por las investigadoras/es que han participado activamente en este congreso. Sin duda la montaña forma parte de la vida de Aragón y concretamente de Huesca, es una región privilegiada para los amantes de los deportes en ambiente natural, el turismo activo o el simple disfrute del paisaje. También es fuente y medio de vida para muchos de nuestros vecinos, generando oportunidades y riquezas en toda la región. A nadie se nos escapa que genera además situaciones educativas incomparables dentro y fuera del ámbito escolar, siendo las salidas a la montaña y las semanas blancas contempladas en el currículo escolar momentos que marcan la historia personal. Pese a todas las bondades y a cuanto amor podamos profesar por la montaña todos somos conscientes de los riesgos que entraña. Una actitud y práctica responsable, informada y adecuada a nuestra capacidad física y psicológica nos permitirá realizar actividad física segura en el medio natural y evitará poner en riesgo a otras personas, entre ellas equipos de rescate altamente entrenados y cualificados que velarán por la población en las peores circunstancias. Nos complace presentar en este libro evidencias y experiencias en todos estos ámbitos, que han sido presentadas con gran calidad y generosidad en el congreso y que pueden ser información e inspiración útil para científicos, profesionales y población general. No sería justo cerrar este prólogo sin nuestro más sincero agradecimiento a todas las personas que han participado y compartido conocimiento y experiencia: ponentes, congresistas, estudiantes, comités científico y organizador, instituciones como el Ayuntamiento de Huesca, Diputación de Huesca, Guardia Civil con la Unidad Especial de Montaña y el Centro de Adiestramientos Específicos de Montaña (CAEM), Federación Aragonesa de Montaña, Cátedra de Montaña y por supuesto nuestra Universidad de Zaragoza. Además de la aportación científica del Congreso en todos estos ámbitos, esperamos que el entorno histórico y natural y la riqueza gastronómica de la ciudad y nuestra tierra os haya permitido disfrutar en estos días que habéis pasado con nosotros; y que si este libro cae en manos de quienes no hayan podido visitarnos, sea estímulo y motivación para ser activo y recorrer Huesca y su entorno.</subfield>
  </datafield>
  <datafield tag="700" ind1=" " ind2=" ">
    <subfield code="a">Lozano Berges, Gabriel</subfield>
    <subfield code="b"></subfield>
  </datafield>
  <datafield tag="700" ind1=" " ind2=" ">
    <subfield code="a">Gómez Bruton, Alejandro, (eds.)</subfield>
    <subfield code="b"></subfield>
  </datafield>
  <datafield tag="856" ind1="0" ind2=" ">
    <subfield code="f">agroca@unizar.es</subfield>
  </datafield>
  <datafield tag="856" ind1="4" ind2=" ">
    <subfield code="s">1747984</subfield>
    <subfield code="u">http://zaguan.unizar.es/record/128002/files/libro_abstracts_III_congreso_ciencias_salud.pdf</subfield>
  </datafield>
  <datafield tag="909" ind1="C" ind2="O">
    <subfield code="o">oai:zaguan.unizar.es:128002</subfield>
    <subfield code="p">books</subfield>
  </datafield>
  <datafield tag="980" ind1=" " ind2=" ">
    <subfield code="a">BOOK</subfield>
    <subfield code="b">CONYJOR</subfield>
    <subfield code="b"></subfield>
  </datafield>
</record>
</collection>